000
00250nam a22001217a 4500
008
180131b xxu||||| |||| 00| 0 eng d
041
_a
eng
080
_a
574
100
_a
9
101
_a
mje
245
_a
indoor plants
_c
frank.w
942
_2
udc
_c
BK
999
_c
41330
_d
41330